000 00315nam a22001457a 4500
008 210519b ||||| |||| 00| 0 eng d
020 _a0070232229
041 _aeng
080 _a510
082 _a510
100 _a36
101 _aMAT
245 _aApplied Finite Mathematics
_cGilbert,G.G
942 _2udc
_cBK
999 _c57501
_d57501